Quais Jogadores Já foram Campeões com o Corinthians? - Statistics

Estatísticas Gerais
  • Esse quiz foi jogado 239 vezes
  • A pontuação média é 7 de 20
Answers on the Grid
Answers color-coded by a green-red scale on the quiz's grid according to % correct below.
Ronaldo
Rivelino
Paulinho
Ralph
Giuliano
Julio Cesar
Chicão
Pato
Jucilei
Cássio
Tevez
Gil
Sócrates
Nilmar
Sheik
Roberto Carlos
Guerreiro
Elias
Fagner
Edmundo
Petros
Jadson
Renato Augusto
Roger Guedes
Yuri Alberto
Angel Romero
Garrincha
Oscar Romero
Memphis
Murillo
 
Estatísticas das Respostas
Resposta % Correto
Ronaldo
82%
Paulinho
51%
Sheik
41%
Cássio
40%
Memphis
39%
Ralph
39%
Tevez
39%
Chicão
38%
Guerreiro
38%
Yuri Alberto
38%
Gil
36%
Fagner
35%
Jadson
34%
Renato Augusto
34%
Angel Romero
33%
Julio Cesar
33%
Sócrates
30%
Elias
28%
Pato
16%
Nilmar
10%
Nenhum quiz correspondente encontrado
Distribuição das Pontuações
Porcentagem de Pessoas com Cada Pontuação
Percentil de Números Respondidos
Sua Pontuação Histórica
Você não jogou esse quiz